Countries with Apple Retail Stores Quiz Stats

 Plays Quiz Updated Dec 14, 2014

Challenge
Share
Tweet
Embed
Score 0/20 Timer 01:30
17 Plays Today
Answer % Correct
United States
99.3%
France
94.8%
United Kingdom
94.7%
Canada
93.6%
Germany
93.6%
China
92.5%
Japan
91.1%
Spain
87.5%
Italy
84.2%
Mexico
81.3%
Answer % Correct
Australia
76.3%
Brazil
72.5%
Sweden
64.3%
Netherlands
56.7%
Switzerland
49.6%
Belgium
46.7%
Turkey
27.3%
Singapore
24.7%
United Arab Emirates
24.4%
Taiwan
21.6%

You're not logged in!

Compare scores with friends on all Sporcle quizzes.
OR
Log In

You Might Also Like...

Show Comments

Extras

Top Quizzes Today


Score Distribution

Your Account Isn't Verified!

In order to create a playlist on Sporcle, you need to verify the email address you used during registration. Go to your Sporcle Settings to finish the process.

Report this User

Report this user for behavior that violates our Community Guidelines.

Details: